banner-ar

تاريخ الانكا القديمة : (Record no. 60424)

MARC details
000 -الفاتح
حقل البيانات ثابتة الطول 01438nam a22003257a 4500
005 - وقت وتاريخ اخر تعامل مع التسجيلة
رقم الضبط 20240530110409.0
008 - عناصر البيانات ثابتة الطول - معلومات عامة
حقل البيانات ثابتة الطول 150210s2010 ua bo a 001 0 ara d
017 ## - رقم الايداع القانونى
رقم الايداع القانونى 2007/19316
المصدر ( الهيئة المختصة) مصر . دار الكتب المصرية
020 ## - الرقم الدولى المعيارى للكتب
الرقم الدولى المعيارى للكتاب 9771441175
040 ## - مصدر الفهرسة
وكالة الفهرسة الأصلية EG-CaGPL
041 1# - رمز اللغة
رمز لغة النص/ المسارات الصوتية أو العنوان الانفرادي ara
رمز لغة الترجمات و/او الاصلية المتوسطة للنص eng
082 04 - رقم تصنيف ديوى العشرى
رقم الطبعة 21
رقم التصنيف 903
رقم المادة ط/ن ن
100 1# - المدخل الرئيسى - إسم شخصى
الإسم الشخصى جروبر ، بيث
245 10 - بيان العنوان
العنوان تاريخ الانكا القديمة :
بقية العنوان علم الاثار يكشف اسرار ماضى الانكا /
بيان المسئوليه,etc تاليف بيث جروبر ؛ استشارى يوهان راينهارد ؛ ترجمة ابراهيم محمد ابراهيم ؛ اشراف عام ابراهيم محمد ابراهيم
250 ## - بيان الطبعة
بيان الطبعة ط2
260 ## - PUBLICATION, DISTRIBUTION, ETC. (IMPRINT)
تاريخ النشر أو التوزيع 2010
300 ## - الوصف المادى
التعداد 62 ص :
تفاصيل ماديه اخرى للوعاء ايض ؛
أبعاد الوعاء 24 سم
490 ## - بيان السلسلة
عنوان السلسلة ناشيونال جيوجرافيك تبحث فى
650 04 - المدخل الاضافى بالموضوع-مصطلح موضوعى
مصطلح موضوعي بيرو
التقسيم الفرعي العام تاريخ
650 04 - المدخل الاضافى بالموضوع-مصطلح موضوعى
مصطلح موضوعي الاثار
التقسيم الفرعي العام التنقيب عن
650 04 - المدخل الاضافى بالموضوع-مصطلح موضوعى
مصطلح موضوعي السلالات البشرية
650 04 - المدخل الاضافى بالموضوع-مصطلح موضوعى
مصطلح موضوعي العمارة القديمة
650 04 - المدخل الاضافى بالموضوع-مصطلح موضوعى
مصطلح موضوعي الاجناس
التقسيم الفرعي العام علم
650 04 - المدخل الاضافى بالموضوع-مصطلح موضوعى
مصطلح موضوعي الانكا
التقسيم الفرعي العام تاريخ
700 1# - المدخل الاضافى - اسم شخصى
الإسم الشخصى راينهارد ، يوهان
الدور استشارى
700 0# - المدخل الاضافى - اسم شخصى
الإسم الشخصى ابراهيم محمد ابراهيم
الدور مترجم
700 0# - المدخل الاضافى - اسم شخصى
الإسم الشخصى ابراهيم محمد ابراهيم
الدور اشراف
942 ## - عناصر المدخل الإضافي( كوها)
مصدر التصنيف او مخطط الترفيف Dewey Decimal Classification
Koha [default] item type كتاب
260 ## - PUBLICATION, DISTRIBUTION, ETC. (IMPRINT)
-- القاهرة :
-- نهضة مصر للطباعة و النشر و التوزيع ،
Holdings
حالة التراجع حالة الفقد حالة تلف ليس للاعارة المكان المؤقت الموقع الحالى تاريخ الاكتساب اجمالي اﻻعارات رقم الطلب الباركود تاريخ اخر مشاهدة تاريخ تفعيل السعر نوع وعاء كوها
        مكتبة القاهرة الكبرى مكتبة القاهرة الكبرى 02/10/2015   903 ط/ن ن 159467 02/10/2015 02/10/2015 كتاب

Powered By

EGPV